Countries of Asia - Statistics

General Stats
  • This quiz has been taken 12 times
  • The average score is 34 of 49
Answers on the Map
Answers color-coded by a green-red scale on the quiz's map according to % correct below.
 
Answer Stats
Answer % Correct
China
91%
Japan
91%
Maldives
91%
North Korea
91%
South Korea
91%
Turkey
91%
Cyprus
82%
India
82%
Iraq
82%
Kazakhstan
82%
Mongolia
82%
Nepal
82%
Russia
82%
Saudi Arabia
82%
Afghanistan
73%
Bhutan
73%
East Timor
73%
Indonesia
73%
Iran
73%
Israel
73%
Laos
73%
Pakistan
73%
Philippines
73%
Qatar
73%
Singapore
73%
Sri Lanka
73%
Taiwan
73%
Turkmenistan
73%
United Arab Emirates
73%
Armenia
64%
Azerbaijan
64%
Bangladesh
64%
Jordan
64%
Kyrgyzstan
64%
Lebanon
64%
Myanmar
64%
Oman
64%
Syria
64%
Tajikistan
64%
Uzbekistan
64%
Vietnam
64%
Bahrain
55%
Geogria
55%
Kuwait
55%
Thailand
55%
Brunei
45%
Malaysia
45%
Yemen
45%
Cambodia
27%
No matching quizzes found
Score Distribution
Percent of People with Each Score
Percentile by Number Answered
Your Score History
You have not taken this quiz